Statistics for Football teams of the Rhine

Click here to take the quiz!

General Stats

  • This quiz has been taken 9 times
    (5 since last reset)
  • The average score is 6 of 12

Answer Stats

Team% Correct
Cologne
100%
Fortuna Düsseldorf
80%
Karlsruhe
80%
Mainz
80%
Basel
60%
Duisburg
60%
Mannheim
60%
Feyenoord
40%
Strasbourg
40%
Bayer Leverkusen
20%
Bonner SC
20%
NEC Nijmegen
0%

Score Distribution

Percentile by Number Answered

Percent of People with Each Score

Your Score History

You have not taken this quiz since the last reset